№ 4; Аналитические обзоры по основным направлениям развития высшего образования; Независимая оценка качества деятельности вузов: основания и ориентиры

Bibliographische Detailangaben
Parent link:Аналитические обзоры по основным направлениям развития высшего образования: Обзорная информация/ Российская Федерация, Министерство образования и науки ; Федеральный институт развития образования (ФИРО). № 4.— , 2007-
Zusammenfassung:Актуальность создания в России независимой системы оценки качества деятельности вузов (аккредитации) обусловлена дальнейшим развитием рыночных отношений и демократиченских преобразований в сфере высшего образования. Сегодня рынок труда и рынок образования существенно изменились, автономия вызов, их независимая аккредитация, мобильность рабочей силы и новые условия найма. Предложенная система обеспечения качества деятельности вузов (аккредитация) высших учебных заведений основана на независомой оценке и риентирована на европейские стандарты
Sprache:Russisch
Veröffentlicht: 2015
TOC:С. С. Иванов, И. Е. Волкова, Независимая оценка качества деятельности вузов: основания и ориентиры;
Schlagworte:
Format: MixedMaterials Buch
KOHA link:https://koha.lib.tpu.ru/cgi-bin/koha/opac-detail.pl?biblionumber=544473

MARC

LEADER 00000nam2a2200000 4500
001 544473
005 20231101115447.0
035 |a (RuTPU)RU\TPU\prd\236253 
090 |a 544473 
100 |a 20150514a19909999km y0rusy50 ca 
101 0 |a rus 
102 |a RU 
200 0 |a № 4 
210 |d 2015 
330 |a Актуальность создания в России независимой системы оценки качества деятельности вузов (аккредитации) обусловлена дальнейшим развитием рыночных отношений и демократиченских преобразований в сфере высшего образования. Сегодня рынок труда и рынок образования существенно изменились, автономия вызов, их независимая аккредитация, мобильность рабочей силы и новые условия найма. Предложенная система обеспечения качества деятельности вузов (аккредитация) высших учебных заведений основана на независомой оценке и риентирована на европейские стандарты 
461 1 |0 (RuTPU)RU\TPU\prd\23824  |t Аналитические обзоры по основным направлениям развития высшего образования  |o Обзорная информация  |f Российская Федерация, Министерство образования и науки ; Федеральный институт развития образования (ФИРО)  |v № 4  |d 2007- 
464 |t Независимая оценка качества деятельности вузов: основания и ориентиры  |f С. С. Иванов, И. Е. Волкова 
610 1 |a Россия 
610 1 |a оценка качества 
610 1 |a аккредитация 
610 1 |a вузы 
610 1 |a высшие учебные заведения 
801 0 |a RU  |b 63413507  |c 20010227  |g PSBO 
801 1 |a RU  |b 63413507  |c 20150514 
801 2 |a RU  |b 63413507  |c 20150604  |g RCR 
942 |c BK 
999 |a НТБ_ТПУ  |b ЧЗЭР  |e -1/20150112  |s 6/20141120  |u 0,00  |v 1